| 000 | 00000nam##2200000za#4500 |
| 001 | 9.575814 |
| 003 | CaOODSP |
| 005 | 20210624184837 |
| 007 | cr ||||||||||| |
| 008 | 150406|2006||||xxc|||||o f|0| 0 eng|d |
| 040 | |aCaOODSP|beng |
| 043 | |an-cn--- |
| 086 | 1 |aTU3-6/06-281E-PDF |
| 110 | 2 |aTransportation Safety Board of Canada. |
| 245 | 10|aEmployee fatality - Total Track Railway Construction and Maintenance Services Inc. (under contract to Canadian National Railway) Nordco Grabber Model A Spike Puller Mile 223.0, Kingston Subdivision Moira, Ontario, 11 November 2006 |h[electronic resource] |
| 260 | |aOttawa - Ontario : |bTransportation Safety Board of Canada |c[2006]. |
| 300 | |a15p.|bcoloured illus., references, table |
| 490 | 1 |aRailway investigation report |vR06T0281 |
| 590 | |a13-08-Supp|b2013-04-02 |
| 775 | 08|tMort d'un employé - Total Track Railway Construction and Maintenance Services Inc. (sous-traitant de la Compagnie des chemins de fer nationaux du Canada) Arracheuse de crampons Nordco Grabber, modèle A Point milliaire 223,0 de la subdivision Kingston Moira (Ontario), le 11 novembre 2006 |w(CaOODSP)9.605228 |
| 830 | #0|aRailway investigation report ;|vR06T0281|w(CaOODSP)9.504849 |
| 856 | 40|ahttp://publications.gc.ca|qPDF|s1226 KB|uhttps://publications.gc.ca/collections/collection_2013/bst-tsb/TU3-6-06-281-eng.pdf|yR06T0281 |